Aspetti culturali della società italiana nel periodo del papato avignonese: 15 - 18 ottobre 1978

Saved in:  
Bibliographic Details
Format: Print Book
Language:Italian
Subito Delivery Service: Order now.
Check availability: HBZ Gateway
WorldCat: WorldCat
Interlibrary Loan:Interlibrary Loan for the Fachinformationsdienste (Specialized Information Services in Germany)
Published: Todi Accademia Tudertina 1981
In: Convegni del Centro di Studi sulla Spiritualità Medievale (19)
Year: 1981
Series/Journal:Convegni del Centro di Studi sulla Spiritualità Medievale 19
Standardized Subjects / Keyword chains:B Southern Italy (motif) / Society / Culture / History 1305-1376
Further subjects:B Conference program 1978 (Todi)
Online Access: Table of Contents

MARC

LEADER 00000cam a2200000 c 4500
001 1087207037
003 DE-627
005 20251224220140.0
007 tu
008 890220s1981 xx ||||| 00| ||ita c
035 |a (DE-627)1087207037 
035 |a (DE-576)017207037 
035 |a (DE-599)BSZ017207037 
035 |a (OCoLC)10017606 
035 |a (DE-604)8075716348 
040 |a DE-627  |b ger  |c DE-627  |e rakwb 
041 |a ita 
082 0 |a 945 
084 |a 9,10  |a 1  |2 ssgn 
084 |a BO 4265  |2 rvk  |0 (DE-625)rvk/14437: 
084 |a NM 1400  |2 rvk  |0 (DE-625)rvk/126291: 
191 |a 1 
245 0 0 |a Aspetti culturali della società italiana nel periodo del papato avignonese  |b 15 - 18 ottobre 1978 
264 1 |a Todi  |b Accademia Tudertina  |c 1981 
300 |a 414 S. 
336 |a Text  |b txt  |2 rdacontent 
337 |a ohne Hilfsmittel zu benutzen  |b n  |2 rdamedia 
338 |a Band  |b nc  |2 rdacarrier 
490 1 |a Convegni del Centro di Studi sulla Spiritualità Medievale  |v 19 
583 1 |a Archivierung/Langzeitarchivierung gewährleistet  |f SSG  |x XA-DE-BW  |2 pdager  |5 DE-21 
583 1 |a Archivierung/Langzeitarchivierung gewährleistet  |f SSG  |x XA-DE-BW  |2 pdager  |5 DE-16 
655 7 |a Konferenzschrift  |y 1978  |z Todi  |0 (DE-588)1071861417  |0 (DE-627)826484824  |0 (DE-576)433375485  |2 gnd-content 
689 0 0 |d g  |0 (DE-588)4027833-5  |0 (DE-627)106283235  |0 (DE-576)208972501  |2 gnd  |a Italien 
689 0 1 |d s  |0 (DE-588)4020588-5  |0 (DE-627)106317520  |0 (DE-576)208933956  |2 gnd  |a Gesellschaft 
689 0 2 |d s  |0 (DE-588)4125698-0  |0 (DE-627)104470348  |0 (DE-576)209578750  |2 gnd  |a Kultur 
689 0 3 |q z  |2 gnd  |a Geschichte 1305-1376 
689 0 |5 (DE-627) 
810 2 |a Centro di studi sulla spiritualità medievale  |t Convegni del Centro di Studi sulla Spiritualità Medievale  |v 19  |9 19  |w (DE-627)130523313  |w (DE-576)016095847  |w (DE-600)770553-0  |7 am 
856 4 2 |u https://swbplus.bsz-bw.de/bsz017207037inh.htm  |m B:DE-576;DE-16  |q application/pdf  |v 20090707145318  |x Verlag  |3 Inhaltsverzeichnis  |7 1 
935 |a mteo 
936 r v |a BO 4265  |b Schriftenreihen  |k Theologie und Religionswissenschaften  |k Patrologie und Kirchengeschichte  |k Kirchengeschichte nach Perioden  |k Geschichte der Kirche im Mittelalter  |k Darstellungen  |k Mittelalter insgesamt  |k Schriftenreihen  |0 (DE-627)1270747134  |0 (DE-625)rvk/14437:  |0 (DE-576)200747134 
936 r v |a NM 1400  |b Kirchengeschichte, Geistes- und Kulturgeschichte  |k Geschichte  |k Geschichte des Mittelalters  |k Quellen und Darstellungen zum Gesamtzeitraum  |k Darstellungen  |k Kirchengeschichte, Geistes- und Kulturgeschichte  |0 (DE-627)1270944614  |0 (DE-625)rvk/126291:  |0 (DE-576)200944614 
951 |a BO 
ACO |a 1 
ELC |b 1 
ITA |a 1  |t 1 
LOK |0 000 xxxxxcx a22 zn 4500 
LOK |0 001 2126841987 
LOK |0 003 DE-627 
LOK |0 004 1087207037 
LOK |0 005 20091114161200 
LOK |0 008 970805||||||||||||||||ger||||||| 
LOK |0 040   |a DE-21  |c DE-627  |d DE-21 
LOK |0 852   |a DE-21 
LOK |0 852 1  |c 22 A 6449  |9 00 
LOK |0 935   |a comp  |a konv  |a theo  |a sepp 
LOK |0 939   |a 05-08-97  |b l01 
LOK |0 000 xxxxxcx a22 zn 4500 
LOK |0 001 2528841957 
LOK |0 003 DE-627 
LOK |0 004 1087207037 
LOK |0 005 20070308142812 
LOK |0 008 070308||||||||||||||||ger||||||| 
LOK |0 040   |a DE-21-32b  |c DE-627  |d DE-21-32b 
LOK |0 541   |e 86/44 
LOK |0 852   |a DE-21-32b 
LOK |0 852 1  |c Pl 110  |m p  |9 00 
LOK |0 935   |a k32b  |a kneu 
LOK |0 938   |k p 
LOK |0 939   |a 08-03-07  |b l01 
ORI |a SA-MARC-ixtheoa001.raw 
REF |a Kulturgeschichte 
REL |a 1 
STA 0 0 |a Culture,Culture,Culture,Society,Society,Society in art,Southern Italy (motif),Italy,Italy,Italy,Italy,Lower Italy,Mezzogiorno,Southern Italy,Northwestern Italy 
STB 0 0 |a Culture,Culture,Civilisation,Civilisation,Culture,Civilisation (motif),Civilisation,Société,Société,Sud de l'Italie (motif),Italie 
STC 0 0 |a Cultura,Cultura,Italia,Sociedad,Sociedad,Sociedad 
STD 0 0 |a Cultura,Cultura,Italia,Società,Società 
STE 0 0 |a 文化,社会 
STF 0 0 |a 文化,社會 
STG 0 0 |a Cultura,Cultura,Itália,Sociedade,Sociedade 
STH 0 0 |a Италия (мотив),Культура (мотив),Культура,Общество (мотив),Общество 
STI 0 0 |a Ιταλία (μοτίβο),Κοινωνία (μοτίβο),Κοινωνία,Πολιτισμός <μοτίβο>,Πολιτισμός,Κουλτούρα,Κουλτούρα (μοτίβο) 
SUB |a REL 
SYG 0 0 |a Italy , Italia,Königreich Italien,Repubblica Italiana,Italiya Respublikasi,Italijos Respublika,Olaszorszaǵ,Olasz Koz̈taŕsasaǵ,Regno d'Italia,Italienische Republik,République Italienne,Yidali-gongheguo,Italy , Society,Bürgergesellschaft,Bürgerliche Gesellschaft , Culture 
TIM |a 100013050101_100013761231  |b Geschichte 1305-1376